Cases and Materials on the Regulation of International Business and Economic Relations / (Record no. 160)

MARC details
000 -LEADER
fixed length control field 00984cam a22002894a 4500
003 - CONTROL NUMBER IDENTIFIER
control field OSt
005 - DATE AND TIME OF LATEST TRANSACTION
control field 20171025192537.0
008 - FIXED-LENGTH DATA ELEMENTS--GENERAL INFORMATION
fixed length control field 001113s1999 nyu 001 0 eng
010 ## - LIBRARY OF CONGRESS CONTROL NUMBER
LC control number 00711063
020 ## - INTERNATIONAL STANDARD BOOK NUMBER
International Standard Book Number 0820500569
040 ## - CATALOGING SOURCE
Original cataloging agency DLC
Transcribing agency DLC
Modifying agency DLC
082 00 - DEWEY DECIMAL CLASSIFICATION NUMBER
Classification number 341.754
Edition number 21
Item number SWA
100 1# - MAIN ENTRY--PERSONAL NAME
Personal name Swan, Alan C.
9 (RLIN) 448
245 10 - TITLE STATEMENT
Title Cases and Materials on the Regulation of International Business and Economic Relations /
Statement of responsibility, etc Alan C. Swan, John F. Murphy.
260 ## - PUBLICATION, DISTRIBUTION, ETC. (IMPRINT)
Place of publication, distribution, etc New York :
Name of publisher, distributor, etc M. Bender,
Date of publication, distribution, etc 1991.
300 ## - PHYSICAL DESCRIPTION
Extent xxviii, 1320 p. ;
Dimensions 26 cm.
440 #0 - SERIES STATEMENT/ADDED ENTRY--TITLE
Title Cases and materials
9 (RLIN) 449
500 ## - GENERAL NOTE
General note Includes index.
650 #0 - SUBJECT ADDED ENTRY--TOPICAL TERM
Topical term or geographic name as entry element Foreign trade regulation
Form subdivision Cases.
9 (RLIN) 450
650 #0 - SUBJECT ADDED ENTRY--TOPICAL TERM
Topical term or geographic name as entry element Commercial law
Form subdivision Cases.
9 (RLIN) 451
650 #0 - SUBJECT ADDED ENTRY--TOPICAL TERM
Topical term or geographic name as entry element Foreign trade regulation
Geographic subdivision United States
Form subdivision Cases.
9 (RLIN) 452
650 #0 - SUBJECT ADDED ENTRY--TOPICAL TERM
Topical term or geographic name as entry element Commercial law
Geographic subdivision United States
Form subdivision Cases.
9 (RLIN) 453
650 #0 - SUBJECT ADDED ENTRY--TOPICAL TERM
Topical term or geographic name as entry element International economic relations.
9 (RLIN) 454
650 #0 - SUBJECT ADDED ENTRY--TOPICAL TERM
Topical term or geographic name as entry element International trade.
9 (RLIN) 455
700 1# - ADDED ENTRY--PERSONAL NAME
Personal name Murphy, John F.
9 (RLIN) 456
942 ## - ADDED ENTRY ELEMENTS (KOHA)
Source of classification or shelving scheme Dewey Decimal Classification
Koha item type Books
Holdings
Withdrawn status Lost status Source of classification or shelving scheme Damaged status Not for loan Home library Current library Shelving location Date acquired Total Checkouts Full call number Barcode Date last seen Price effective from Koha item type
    Dewey Decimal Classification     Law Development Centre Main Library Law Development Centre Main Library Text Books and Laws 04/09/2011   341.754SAW 013/2000 04/09/2011 04/09/2011 Books